000 00951cam a22002534a 4500
020 _a9780387351391 (alk. paper)
020 _a0387351396 (alk. paper)
020 _a9780387354651 (eISBN)
020 _a0387354654 (eISBN)
050 0 0 _aRC 480.6
_b.D67 2007
100 1 _aDorfman, William I.
245 1 0 _aFirst responder's guide to abnormal psychology :
_bapplications for police, firefighters, and rescue personnel /
_cWilliam I. Dorfman and Lenore E.A. Walker.
260 _aNew York, NY :
_bSpringer,
_cc2007.
300 _ax, 233 p. :
650 0 _vCase studies.
650 0 _xMental health.
650 0 _xRisk assessment.
650 2 2 _xprevention & control.
700 1 _aWalker, Lenore E.
856 4 1 _uhttp://www.loc.gov/catdir/toc/fy0716/2006929449.html
856 4 2 _uhttp://www.loc.gov/catdir/enhancements/fy0823/2006929449-b.html
856 4 2 _uhttp://www.loc.gov/catdir/enhancements/fy0823/2006929449-d.html
942 _2lcc
_cGEN
999 _c6125
_d6125